000
00209 a2200097 4500
001
48461
100
_a
Egginton, J
245
_a
Excursion to Russia
260
_a
London
_b
Hutchinson
_c
090
_c
31397
_d
31397
942
_a
NUST-CAE
_c
M
_c
23777
999
_c
283534
_d
283534